01039cam a22003614i 4500003000900000005001700009008004100026020001500067035002700082040003300109082002000142100003100162245002700193264004600220300003800266336002100304337002500325338002300350504003900373505015200412526001000564526001000574526001000584526001000594526000800604526000800612526000800620526000800628526000800636526000800644526000800652650001700660PE-LiUPU20250731173538.0150616s r 000 0 d a089283773X a(Sirsi) i9780892837731 aPE-LiUPUbspacPE-LiUPUerda04a235.45bK792211 aKraft, Charles H.,eautor.10aDefeating Dark Angels. 1aAnn Arbor, Michigan :bVine Books,c1992. a254 páginas ;c21 centímetros atext2rdacontent aunmediated2rdamedia avolume2rdacarrier aBibliografía: páginas 247-250.0 aAre satan and Dark Angels for real?.- Twelve myths concerning demonization.- Demonization in chrisitans.- Our power and authority.- What demons do. aSEG42 aSEG41 aSEG40 aSEG39 aP94 aP87 aP86 aP85 aP77 aP76 aP3504aDEMONOLOGIA.